MARC details
| 000 -CABECERA |
| campo de control de longitud fija |
02572nab a2200289 a 4500 |
| 005 - FECHA Y HORA DE LA ÚLTIMA TRANSACCIÓN |
| campo de control |
20250116063859.0 |
| 008 - ELEMENTOS DE LONGITUD FIJA--INFORMACIÓN GENERAL |
| campo de control de longitud fija |
991125c2019 cr fr p o 000 0 spa d |
| 035 ## - NÚMERO DE CONTROL DEL SISTEMA |
| Número de control de sistema |
UPN01000231028 |
| 040 ## - FUENTE DE LA CATALOGACIÓN |
| Centro catalogador/agencia de origen |
MX-MxUPN |
| Lengua de catalogación |
spa |
| Centro/agencia transcriptor |
MX-MxUPN |
| Normas de descripción |
aacr2 |
| 049 ## - COLECCIÓN |
| Colección |
ART-E |
| 100 1# - ASIENTO PRINCIPAL--NOMBRE PERSONAL |
| Nombre de persona |
Díaz Peralta, Luis Enrique |
| Enlace |
- 1dias@uclv.cu |
| 100 1# - ASIENTO PRINCIPAL--NOMBRE PERSONAL |
| Nombre de persona |
Hernández Alfonso, Eduardo Alejandro |
| 100 1# - ASIENTO PRINCIPAL--NOMBRE PERSONAL |
| Nombre de persona |
Paz Enrique, Luis Ernesto |
| 245 #3 - MENCIÓN DE TÍTULO |
| Título |
La educación estética de profesionales de la educación en formación inicial desde la extensión universitaria |
| Medio |
[recurso electrónico en línea] |
| 506 0# - NOTA DE RESTRICCIONES AL ACCESO |
| Limitaciones de acceso |
Acceso abierto |
| 520 3# - NOTA DE RESUMEN, ETC. |
| Sumario, etc. |
La formación integral de profesionales de la educación resulta esencial para cumplir su encargo social. En este proceso formativo, la educación estética ha de ser un contenido esencial por su alcance universal. Desde la extensión universitaria, se puede facilitar la educación estética para contribuir a la apreciación y comprensión de la sociedad. Con base en las encuestas de satisfacción estudiantil efectuadas en la Universidad Central “Marta Abreu” de Las Villas durante el curso escolar 2017-2018, se constatan insuficiencias en el desarrollo de profesionales de la educación en formación inicial. Los resultados anteriores arrojan como principales causas, la falta de conocimientos teóricos por parte de quienes se encargan del proceso enseñanza-aprendizaje acerca de la extensión universitaria, y la carencia de un diseño integrador de actividades que favorezca los contenidos de la educación estética. Se propone como objetivo: identificar los rasgos que caracterizan la educación estética de profesionales de la educación en formación inicial desde la extensión universitaria en la Universidad Central “Marta Abreu” de Las Villas, Cuba. La inclusión de contenidos sobre la educación estética para profesionales de la educación en formación permite el acercamiento a los valores artísticos y estéticos, y favorece la inserción en la actividad estética y en la crítica del arte como vía para una interpretación exhaustiva de la sociedad. |
| 650 #4 - ASIENTO SECUNDARIO DE MATERIA - TERMINO TEMATICO |
| Término de materia o nombre geográfico como elemento de entrada |
Extensión universitaria |
| 9 (RLIN) |
19188 |
| 650 #4 - ASIENTO SECUNDARIO DE MATERIA - TERMINO TEMATICO |
| Término de materia o nombre geográfico como elemento de entrada |
Educación |
| 9 (RLIN) |
682 |
| 650 #2 - ASIENTO SECUNDARIO DE MATERIA - TERMINO TEMATICO |
| Término de materia o nombre geográfico como elemento de entrada |
Estética |
| 9 (RLIN) |
5739 |
| 653 0# - TERMINO DE INDIZACION - NO CONTROLADO |
| Término no controlado |
Formación integral |
| 773 ## - ENLACE AL DOCUMENTO FUENTE/ENTRADA DE REGISTRO ANFITRIÓN |
| Parte(s) relacionada(s) |
Vol. 14, no. 1 (2019), p. 235-246 |
| Título |
Ensayos pedagógicos |
| Número Internacional Normalizado para Publicaciones Seriadas |
2215-3330 |
| 856 40 - LOCALIZACIÓN Y ACCESO ELECTRÓNICOS |
| Identificador Uniforme del Recurso |
<a href="https://www.revistas.una.ac.cr/index.php/ensayospedagogicos/article/view/11856/16121">https://www.revistas.una.ac.cr/index.php/ensayospedagogicos/article/view/11856/16121</a> |
| 856 40 - LOCALIZACIÓN Y ACCESO ELECTRÓNICOS |
| Identificador Uniforme del Recurso |
<a href="http://dx.doi.org/10.15359/rep.14-1.10">http://dx.doi.org/10.15359/rep.14-1.10</a> |
| 902 ## - ELEMENTOS DE DATOS B LOCAL, LDB (RLIN) |
| Creó |
RGJD/010223 |
| Modificó |
RGJD/010223 |
| 905 ## - TIPO DE MATERIAL |
| Tipo de material |
Articulo |
| 942 ## - ELEMENTOS DE PUNTO DE ACCESO ADICIONAL (KOHA) |
| Tipo de ítem Koha |
Artículo Electrónico |